000 00455nam a22001697a 4500
999 _c22704
_d22704
003 BDDh-ASL
005 20231015030143.0
008 210303s1978 bg ||||| |||| 00| 0 eng d
040 _cBDDh-ASL
082 _a370
_bHUE
100 1 _93296
_aHussain, A. F. A.
245 1 0 _aEducational Development and Reform in Bangladesh /
260 _c1978.
300 _a278 p.:
_c30 cm.
650 0 _91210
_aEducation
_xDevelopment
_zBangladesh
942 _2ddc
_cBK